Új szerelem : versek /
Uložené v:
| Hlavný autor: | |
|---|---|
| Médium: | Kniha |
| Jazyk: | Hungarian |
| Vydané: |
Bratislava :
Tatran,
1966.
|
| Vydanie: | 1. kiad. |
| ISBN: |
(viaz.) |
| Fyzický popis: |
88 s. |
| Tagy: |
Pridať tag
Žiadne tagy, Buďte prvý kto otaguje tento záznam!
|
Titul je dostupný aj v ... 

MARC
| LEADER | 00000nam a22000004a 4500 | ||
|---|---|---|---|
| 001 | 000446421 | ||
| 005 | 20131210175825.0 | ||
| 008 | 131210s1966 xo e 000 0 hun d | ||
| 020 | |a (viaz.) |c Kčs 6,50 | ||
| 040 | |a SVKKK |b slo |c SVKKK |e AACR2 | ||
| 041 | 0 | |a hun | |
| 044 | |a xo |c SK | ||
| 100 | 1 | |a Csontos, Vilmos |4 aut | |
| 245 | 1 | 0 | |a Új szerelem : |b versek / |c Vilmos Csontos. |
| 250 | |a 1. kiad. | ||
| 260 | |a Bratislava : |b Tatran, |c 1966. | ||
| 300 | |a 88 s. | ||
| 910 | |a svkkk | ||
| 998 | |a BK | ||
| 090 | |g SCKHL |k Sklad Hlavná 10 suterén |a I.30967 |j 384060 |i 2720432698 |s Absenčne | ||